| 000 | 00785nam a2200229 a 4500 | ||
|---|---|---|---|
| 001 | 000049002 | ||
| 005 | 20201002061559.0 | ||
| 008 | 190712s2000 dr a r 000 0 spa d | ||
| 020 | _a9993452017 | ||
| 040 |
_aDO-SdBNP _bspa _cBNPHU |
||
| 082 |
_axxxx _bA197c |
||
| 100 | 1 |
_aAdames Franco, Yoel _976425 |
|
| 245 | 1 | 0 |
_aCampeones de oro / _cYoel Adames Franco; colaboradores Daniel Grimaldi, Franklin Núñez, Daniel Soto. |
| 260 |
_aSanto Domingo : _bs.n., _c2000. |
||
| 300 |
_a246 p. : _bil. ; _c21 cm. |
||
| 500 | _aIncluye datos biográficos del autor en las solapas | ||
| 504 | _aBibliografía : p. 238-239 | ||
| 590 | _aInventariado, 2019/BT | ||
| 700 | 1 |
_aGrimaldi, Daniel, _ecol. _976426 |
|
| 700 | 1 |
_aNúñez, Franklin, _ecol. _976427 |
|
| 700 | 1 |
_aSoto, Daniel, _ecol. _976428 |
|
| 999 |
_c48490 _d48490 |
||